| 000 | 00385nam a2200145Ia 4500 | ||
|---|---|---|---|
| 008 | 150201s2006 xx 000 0 und d | ||
| 082 |
_a616.07 _bT2006B |
||
| 100 | _aBANCRAFT ,JOHN D. | ||
| 245 | _aTHEORY & PRACTICE OF HISTOLOGICAL TECHNIQUES | ||
| 250 | _a5TH | ||
| 260 |
_bCHURCHILL LIVINGSTONE _aEDINBURGH _c2006 |
||
| 300 | _a1-796 | ||
| 650 | _aHUMAN HISTOLOGY | ||
| 942 |
_2ddc _cBK |
||
| 999 |
_c3543 _d3543 |
||